Testing statistical hypotheses of equivalence (Record no. 47994)

MARC details
000 -LEADER
fixed length control field 00805nam a2200265Ia 4500
003 - CONTROL NUMBER IDENTIFIER
control field OSt
005 - DATE AND TIME OF LATEST TRANSACTION
control field 20220912150448.0
008 - FIXED-LENGTH DATA ELEMENTS--GENERAL INFORMATION
fixed length control field 220909b |||||||| |||| 00| 0 eng d
020 ## - INTERNATIONAL STANDARD BOOK NUMBER
International Standard Book Number 1584881607 (hbd)
037 ## - SOURCE OF ACQUISITION
Terms of availability Textbook
040 ## - CATALOGING SOURCE
Original cataloging agency CSL
Language of cataloging eng
Transcribing agency CSL
041 ## - LANGUAGE CODE
Language code of text/sound track or separate title eng
100 ## - MAIN ENTRY--PERSONAL NAME
Personal name Wellek Stefan
245 #0 - TITLE STATEMENT
Title Testing statistical hypotheses of equivalence
260 ## - PUBLICATION, DISTRIBUTION, ETC.
Place of publication, distribution, etc. Boca
Name of publisher, distributor, etc. Raton Chapman and Hall/CRC
Date of publication, distribution, etc. 2003
300 ## - PHYSICAL DESCRIPTION
Extent xv, 284p.
Dimensions cm.
500 ## - GENERAL NOTE
General note Appendix A-C, 249-265p; Bibliographical references 267-274p.
-- cm.; Indexes 275-284p.
-- cm.
650 ## - SUBJECT ADDED ENTRY--TOPICAL TERM
Topical term or geographic name entry element Statistical Hypothesis Testing
942 ## - ADDED ENTRY ELEMENTS (KOHA)
Classification part B28MR, P3 TB28
Koha item type Textbook
Source of classification or shelving scheme Colon Classification (CC)
Holdings
Withdrawn status Lost status Damaged status Not for loan Home library Current library Date acquired Total Checkouts Full call number Barcode Date last seen Price effective from Koha item type
        Central Science Library Central Science Library 2022-09-12   B28MR P3 TB28 SL1288654 2022-09-12 2022-09-12 Textbook
Copyright @ Delhi University Library System